The last lecture (Record no. 12207)

000 -LEADER
fixed length control field 00421nam a22001697a 4500
008 - FIXED-LENGTH DATA ELEMENTS--GENERAL INFORMATION
fixed length control field 220720b ||||| |||| 00| 0 eng d
020 ## - INTERNATIONAL STANDARD BOOK NUMBER
International Standard Book Number 9780340977736
082 ## - DEWEY DECIMAL CLASSIFICATION NUMBER
Classification number 004.092
Item number PAU
100 ## - MAIN ENTRY--PERSONAL NAME
Personal name Pausch, Randy
245 ## - TITLE STATEMENT
Title The last lecture
260 ## - PUBLICATION, DISTRIBUTION, ETC. (IMPRINT)
Place of publication, distribution, etc London
Name of publisher, distributor, etc Hodder & Stoughton
Date of publication, distribution, etc 2012
300 ## - PHYSICAL DESCRIPTION
Extent x, 206p.
650 ## - SUBJECT ADDED ENTRY--TOPICAL TERM
Topical term or geographic name as entry element Cancer--Patients
650 ## - SUBJECT ADDED ENTRY--TOPICAL TERM
Topical term or geographic name as entry element Philosophy
650 ## - SUBJECT ADDED ENTRY--TOPICAL TERM
Topical term or geographic name as entry element Psychological aspects
942 ## - ADDED ENTRY ELEMENTS (KOHA)
Item type Books
Holdings
Withdrawn status Lost status Source of classification or shelving scheme Damaged status Not for loan Collection code Permanent location Current location Shelving location Date acquired Total Checkouts Total Renewals Full call number Barcode Date last seen Date last borrowed Koha item type Public note
          Fiction IMU-MPC Library IMU-MPC Library Fiction 2022-07-20 1 2 004.092 PAU MPC6561 2025-03-17 2024-08-30 Books Column-66
Copyright © 2021 Indian Maritime University, Mumbai Port Campus. All Rights Reserved. Managed & Maintained by Central Library, IMU-Mumbai

webs counters

Powered by Koha